000 00372nam a2200145Ia 4500
008 230711s9999||||xx |||||||||||||| ||und||
041 _aENG
082 _a621
_bHM-P
100 _aH.M.T Bangalore
245 0 _aProduction technology
250 _a1st Ed.
260 _c1980
_aNew Delhi
_bTata McGraw Hill Education Limited
650 _aMechanical Engineering
942 _cBK
999 _c1225
_d1225